[Event "BRA-ch U18"]
[Site "Sao Paulo"]
[Date "2012.04.29"]
[Round "3"]
[White "Sprotte, Daniel Gustavo"]
[Black "Japiassu, Ricardo de Villa No"]
[Result "0-1"]
[WhiteElo "1786"]
[BlackElo "1900"]
[PlyCount "81"]
[EventDate "2012.04.28"]
[EventType "swiss"]
[EventRounds "7"]
[EventCountry "BRA"]
[SourceTitle "CBM 148 Extra"]
[Source "ChessBase"]
[SourceDate "2012.06.22"]
[SourceVersion "1"]
[SourceVersionDate "2012.06.22"]
[SourceQuality "1"]

1. e4 c5 2. Nf3 e6 3. c3 d5 4. exd5 Qxd5 5. d4 Nf6 6. Be2 Nc6 7. 0-0 cxd4 8. cxd4 Be7 9. Bf4 0-0 10. Nc3 Qd8 11. Bd3 Nb4 12. Bb1 b6 13. Ne5 Bb7 14. Re1 Nbd5 15. Bg3 Bb4 16. Qc2 Rc8 17. Bh4 g6 18. a3 Rxc3 19. bxc3 Bxc3 20. Ba2 Bxa1 21. Rxa1 Qc8 22. Rc1 Qxc2 23. Rxc2 Rc8 24. Rxc8+ Bxc8 25. Nc6 Bd7 26. Nxa7 Nc3 27. Bc4 Nfd5 28. f3 Kf8 29. Kf2 Ke8 30. Ba6 Nc7 31. Bb7 N7b5 32. Nc8 Bxc8 33. Bxc8 Nxa3 34. Ke3 Nab5 35. Ba6 Nd5+ 36. Kd3 Nbc7 37. Bb7 Kd7 38. Ke4 f5+ 39. Kd3 h6 40. Be1 Nf4+ 41. Kc4 0-1

[Event "BRA-ch U18"]
[Site "Sao Paulo"]
[Date "2012.04.28"]
[Round "1"]
[White "Sprotte, Daniel Gustavo"]
[Black "Dos Reis, Nicolas Rodrigues"]
[Result "1-0"]
[WhiteElo "1786"]
[BlackElo "1895"]
[PlyCount "61"]
[EventDate "2012.04.28"]
[EventType "swiss"]
[EventRounds "7"]
[EventCountry "BRA"]
[SourceTitle "CBM 148 Extra"]
[Source "ChessBase"]
[SourceDate "2012.06.22"]
[SourceVersion "1"]
[SourceVersionDate "2012.06.22"]
[SourceQuality "1"]

1. e4 c5 2. Nf3 Nc6 3. Bb5 Nd4 4. Nxd4 cxd4 5. c3 a6 6. Ba4 b5 7. Bc2 Qb6 8. cxd4 Qxd4 9. Nc3 Nf6 10. d3 e5 11. Be3 Qb4 12. Rb1 Be7 13. 0-0 d6 14. d4 Bb7 15. f4 Nd7 16. d5 exf4 17. a3 Qa5 18. Bxf4 Bf6 19. Kh1 Qb6 20. Qf3 h6 21. Ne2 0-0-0 22. Be3 Qa5 23. Ba7 Qd2 24. Rfc1 Ba8 25. Be3 Qa5 26. b4 Qxa3 27. Bd1+ Kb7 28. Rb3 Qa2 29. Nc3 Bxc3 30. Rbxc3 a5 31. Rc7+ 1-0